Most Valuable Australian Footballers - Statistics

General Stats
  • This quiz has been taken 16 times
  • The average score is 5 of 15
Answer Stats
Club Worth Player % Correct
Leicester City €8m Harry Souttar
88%
FC St. Pauli €2m Jackson Irvine
50%
Roma €3.5m Mathew Ryan
50%
Bayern Munich €1.8m Nestory Irankunda
50%
Parma Calcio 1913 €8.5m Alessandro Circati
38%
Aston Villa €1.5m Joe Gauci
38%
Hibernian F.C. €1.3m Martin Boyle
38%
Ipswich Town €1.5m Cameron Burgess
25%
Toulouse FC €1.5m Denis Genreau
25%
Mohun Bagan Super Giant €1.5m Jamie Maclaren
25%
K.V.C. Westerlo €2m Jordan Bos
25%
Middlesbrough FC €3.5m Riley McGree
25%
Standard de Liège €1.5m Aiden O’Neill
13%
FC St. Pauli €2.5m Connor Metcalfe
13%
Nashville FC €2.5m Patrick Yazbek
13%
No matching quizzes found
Score Distribution
Percent of People with Each Score
Percentile by Number Answered
Your Score History
You have not taken this quiz